[Event "New York op"]
[Site "New York"]
[Date "1984.??.??"]
[Round "6"]
[White "Gurevich, Dmitry"]
[Black "Dzindzichashvili, Roman"]
[Result "1-0"]
[WhiteElo "2545"]
[BlackElo "2485"]

1.d4 Nf6 2.c4 e6 3.Nc3 Bb4 4.e3 O-O 5.Ne2 d5 6.cxd5 exd5 7.a3 Bd6 8.b4 Re8
9.Ng3 Nc6 10.b5 Ne7 11.Bd3 c5 12.bxc6 Nxc6 13.O-O Na5 14.Bd2 Bxg3 15.hxg3 Nc4
16.Bxc4 dxc4 17.Qe2 Be6 18.Rfd1 Rc8 19.f3 Bf5 20.Qf2 Bd3 21.e4 Nd7 22.g4 Nf8
23.Nd5 Bc2 24.Re1 Bb3 25.Bc3 b5 26.Ne3 a5 27.Qd2 Ra8 28.Nf5 Qb6 29.Kh1 h6
30.d5 f6 31.Nd4 Ng6 32.Nc6 b4 33.axb4 a4 34.Qd4 Qxd4 35.Bxd4 Nf4 36.b5 Nd3
37.Re2 a3 38.d6 a2 39.d7 Red8 40.Raxa2 Rxa2 41.Rxa2 Rxd7 42.Ra8+ Kh7 43.b6 c3
44.Bxc3 Rb7 45.Bd4 Ne5 46.Na5  1-0

[Event "New York op"]
[Site "New York"]
[Date "1984.??.??"]
[Round "8"]
[White "Dzindzichashvili, Roman"]
[Black "Browne, Walter S"]
[Result "1-0"]
[WhiteElo "2485"]
[BlackElo "2585"]

1.g3 c5 2.Bg2 g6 3.Nf3 Bg7 4.c3 Nc6 5.d4 cxd4 6.cxd4 d5 7.Nc3 e6 8.O-O Nge7
9.Bf4 O-O 10.Qd2 Nf5 11.e3 f6 12.h4 h6 13.g4 Nd6 14.g5 Ne4 15.Nxe4 dxe4 16.gxh6 exf3
17.hxg7 Kxg7 18.Bxf3 e5 19.Bg3 exd4 20.Rfd1 Ne5 21.Bg2 Bg4 22.exd4 Nf3+ 23.Bxf3 Bxf3
24.Rdc1 Rf7 25.Qd3 Bd5 26.h5 gxh5 27.Kh2 Qe8 28.Re1 Re7 29.Rg1 Be4 30.Bd6+ Kh7
31.Qg3 Rd7 32.Rae1 Qe6 33.Bb8 Qe8 34.Rxe4 Qxb8 35.Re5 fxe5 36.Qg6+ Kh8 37.Qh6+  1-0

[Event "New York op"]
[Site "New York"]
[Date "1984.??.??"]
[Round "9"]
[White "Ljubojevic, Ljubomir"]
[Black "Dzindzichashvili, Roman"]
[Result "0-1"]
[WhiteElo "2635"]
[BlackElo "2485"]

1.e4 c6 2.d4 d5 3.Nd2 dxe4 4.Nxe4 Nd7 5.Bc4 Ngf6 6.Ng5 e6 7.Ne2 h6 8.Nf3 Be7
9.O-O O-O 10.a4 b6 11.Nf4 Bb7 12.Re1 Nd5 13.c3 N7f6 14.Nd3 c5 15.dxc5 bxc5
16.a5 Qc7 17.Nfe5 Rad8 18.Qe2 Bd6 19.h3 Ne7 20.Bf4 Nfd5 21.Bd2 Nf5 22.Nf4 Rfe8
23.Bb5 Re7 24.a6 Ba8 25.Nxd5 Bxd5 26.Nc4 Bh2+ 27.Kh1 Bxc4 28.Bxc4 Bf4 29.Bxf4 Qxf4
30.g3 Qb8 31.Bd3 Red7 32.Bxf5 exf5 33.Qf3 Qxb2 34.Qxf5 Rd2 35.Kg1 Qxc3 36.Rac1 Qa3
37.Ra1 Qc3 38.Rac1 Qa3 39.Ra1 Qc3 40.Rac1 Qa3 41.Rxc5 Qxa6 42.Rc7 Rf8 43.Rxf7 Qd6
44.Ree7 Qxe7  0-1

[Event "Tilburg"]
[Site "Tilburg"]
[Date "1985.??.??"]
[Round "?"]
[White "Romanishin, Oleg M"]
[Black "Dzindzichashvili, Roman"]
[Result "1/2-1/2"]
[WhiteElo "2590"]
[BlackElo "2570"]

1.e4 e5 2.Nf3 Nc6 3.Bb5 Nd4 4.Nxd4 exd4 5.O-O Bc5 6.Bc4 d6 7.c3 c6 8.d3 Ne7
9.Nd2 O-O 10.Bb3 d5 11.cxd4 Bxd4 12.Nf3 Bb6 13.h3 h6 14.Re1 Be6 15.Be3 dxe4
16.dxe4 Qxd1 17.Bxd1 Ba5 18.Bd2 Bxd2 19.Nxd2 Rfd8 20.Nf3 c5 21.a3 Nc6 22.Rc1 b6
23.Be2 Nd4 24.Nxd4 Rxd4 25.Red1 Rad8 26.Rxd4 Rxd4 27.Rd1 Rxd1+ 28.Bxd1 g5
29.f3 Kg7 30.Kf2 Kf6 31.Ke3 Ke5 32.Be2 f5 33.exf5 Bxf5 34.g3 Be6  1/2-1/2

[Event "Tilburg"]
[Site "Tilburg"]
[Date "1985.??.??"]
[Round "?"]
[White "Dzindzichashvili, Roman"]
[Black "Kortschnoj, Viktor"]
[Result "1/2-1/2"]
[WhiteElo "2570"]
[BlackElo "2630"]

1.g3 e5 2.Bg2 d5 3.d3 Nc6 4.Nf3 Nf6 5.O-O Be7 6.c3 O-O 7.Nbd2 Re8 8.Qc2 Be6
9.b4 Nd7 10.b5 Na5 11.Nb3 c5 12.Nxa5 Qxa5 13.c4 dxc4 14.dxc4 Qc7 15.Bb2 Rad8
16.a4 Bf6 17.Nd2 Nb6 18.Be4 g6 19.a5 Rxd2 20.Qxd2 Nxc4 21.Qc2 Nd6 22.a6 b6
23.Bc6 Bd7 24.Bxd7 Qxd7 25.Rfd1 Qe6 26.e3 Nxb5 27.Qa4 Nc7 28.Qd7 Re7 29.Qd8+ Ne8
30.Rd2 Kg7 31.Rad1 Qb3 32.Rd7 Rxd7 33.Qxd7 Nc7 34.Rd2 Nxa6 35.Qxa7 Nb4 36.Qa3 Qe6
37.Qc3 h5 38.h4 Na2 39.Qc2 Nb4 40.Qe4 c4  1/2-1/2

[Event "Tilburg"]
[Site "Tilburg"]
[Date "1985.??.??"]
[Round "?"]
[White "Dzindzichashvili, Roman"]
[Black "Romanishin, Oleg M"]
[Result "0-1"]
[WhiteElo "2570"]
[BlackElo "2590"]

1.c4 Nf6 2.Nf3 g6 3.Nc3 Bg7 4.g3 O-O 5.Bg2 c6 6.O-O d6 7.d3 a6 8.Bd2 d5 9.e4 d4
10.Ne2 c5 11.Nf4 Nfd7 12.h4 Nc6 13.h5 Nde5 14.Nxe5 Nxe5 15.b4 g5 16.Ne2 h6
17.f4 gxf4 18.Nxf4 b6 19.bxc5 bxc5 20.Qa4 Bd7 21.Qa5 e6 22.Qxd8 Rfxd8 23.Rfb1 Rdb8
24.Ba5 Ba4 25.Bf1 Bc2 26.Rb6 Nd7 27.Rxb8+ Rxb8 28.Be2 Rb2 29.Kf1 Bf6 30.Ke1 Bg5
31.Bd2 e5 32.Bc1 Rb1 33.Rxb1 Bxb1 34.Kd1 exf4 35.gxf4 Be7 36.Bd2 Nf6 37.e5 Nxh5
38.Bxh5 Bxd3 39.Be2 Be4 40.Bg4 Bd3 41.Be2 Bxe2+ 42.Kxe2 f6 43.exf6 Bxf6 44.Kf3 h5
45.Ke4 Kf7 46.f5 h4 47.Kf3 Bd8 48.Kg4 d3  0-1

[Event "Tilburg"]
[Site "Tilburg"]
[Date "1985.??.??"]
[Round "?"]
[White "Huebner, Robert"]
[Black "Dzindzichashvili, Roman"]
[Result "1-0"]
[WhiteElo "2620"]
[BlackElo "2570"]

1.e4 g6 2.d4 Bg7 3.Nc3 c6 4.Be3 d5 5.Qd2 dxe4 6.Nxe4 Nf6 7.Nxf6+ exf6 8.Nf3 O-O
9.Be2 f5 10.O-O Nd7 11.c4 Nf6 12.Rad1 Re8 13.Rfe1 Be6 14.Bh6 Bh8 15.Ng5 Bd7
16.Bf3 Bg7 17.Rxe8+ Bxe8 18.Bxg7 Kxg7 19.Be2 Qd6 20.Qa5 Bd7 21.Qe5 Qb4 22.Nxh7 Kxh7
23.Qxf6 Kg8 24.d5 Re8 25.Bf1 Qa4 26.Rd4  1-0

[Event "New York op"]
[Site "New York"]
[Date "1987.??.??"]
[Round "?"]
[White "Wolff, Patrick G"]
[Black "Dzindzichashvili, Roman"]
[Result "1/2-1/2"]
[WhiteElo "2430"]
[BlackElo "2450"]

1.e4 c5 2.Nf3 d6 3.d4 cxd4 4.Nxd4 Nf6 5.Nc3 Nc6 6.Bc4 Qb6 7.Nb3 e6 8.Be3 Qc7
9.f4 a6 10.Bd3 b5 11.Qf3 Be7 12.O-O O-O 13.Qg3 b4 14.Na4 Rb8 15.c4 bxc3 16.Nxc3 Nb4
17.Bb1 e5 18.f5 d5 19.exd5 Nbxd5 20.Nxd5 Nxd5 21.Rc1 Qd6 22.Rd1 Nc3 23.Re1 Nxb1
24.Bc5 Qf6 25.Bxe7 Qxe7 26.Rxe5 Qf6 27.Rxb1 Bxf5 28.Rf1 Qb6+ 29.Kh1 Be6 30.Nc5 Qxb2
31.Ne4 Qc2 32.h3 Rb1 33.Rxb1 Qxb1+ 34.Kh2 Qxa2 35.Nf6+ Kh8 36.Rh5 Qb1 37.Rxh7+ Qxh7
38.Nxh7 Kxh7 39.Qd3+ Kg8 40.Qxa6 Rd8 41.Qe2 Ra8 42.Qe5 Ra2 43.Kg3 g6 44.Kf3 Rc2
45.g4 Rc4 46.Kg3 Rc2 47.Qe3 Rb2 48.Qd4 Rb5 49.h4 Rd5 50.Qc3 Bxg4 51.Kxg4 Rf5
52.Qd4 Rh5 53.Qd8+  1/2-1/2

[Event "New York op"]
[Site "New York"]
[Date "1987.??.??"]
[Round "?"]
[White "Dzindzichashvili, Roman"]
[Black "Rodriguez Vargas, Orestes"]
[Result "1/2-1/2"]
[WhiteElo "2450"]
[BlackElo "2455"]

1.d4 d5 2.c4 e6 3.Nc3 Nf6 4.Bg5 Be7 5.e3 h6 6.Bxf6 Bxf6 7.Nf3 O-O 8.Qd2 Nc6
9.Be2 dxc4 10.Bxc4 e5 11.d5 Ne7 12.O-O-O Nf5  1/2-1/2

[Event "New York op"]
[Site "New York"]
[Date "1987.??.??"]
[Round "?"]
[White "Barlov, Dragan"]
[Black "Dzindzichashvili, Roman"]
[Result "1-0"]
[WhiteElo "2495"]
[BlackElo "2450"]

1.d4 g6 2.e4 Bg7 3.Nc3 c6 4.Nf3 d5 5.h3 Nf6 6.Bd3 dxe4 7.Nxe4 Nxe4 8.Bxe4 O-O
9.O-O Nd7 10.Bg5 h6 11.Be3 Qc7 12.Qc1 Kh7 13.Bf4 Qa5 14.c3 Nf6 15.Bc2 Bf5
16.Re1 Bxc2 17.Qxc2 e6 18.Be5 Rfd8 19.a4 c5 20.Qb3 Rd7 21.Qb5 Qxb5 22.axb5 cxd4
23.Bxd4 Nd5 24.Rxa7 Rxa7 25.Bxa7 Nc7 26.b6 Nd5 27.Re4 g5 28.g3 Kg6 29.Kg2 Rd6
30.c4 Ne7 31.b4 Rd1 32.Re1 Rxe1 33.Nxe1 Nc6 34.Nd3 Bd4 35.c5 e5 36.b5 Na5
37.Bb8 Kf5 38.Bd6 h5 39.g4+ hxg4 40.hxg4+ Ke6 41.Nb4 Nb3 42.c6 Na5 43.Bc7 e4
44.Bd8 Bc5 45.c7 Kd7 46.Nd5 Nc4 47.Nf6+ Kc8 48.Nxe4 Bxb6 49.Nxg5 f5 50.gxf5 Bxc7
51.Bxc7 Kxc7 52.Ne4 Kd7 53.Kg3 Na3 54.Nc3 Ke7 55.Kf4 b6 56.Ke5 Kf7 57.Kd5 Kf6
58.Kc6 Kxf5 59.Kxb6 Nc4+ 60.Kc7 Kf4 61.b6 Nxb6 62.Kxb6  1-0

[Event "New York op"]
[Site "New York"]
[Date "1987.??.??"]
[Round "?"]
[White "Dzindzichashvili, Roman"]
[Black "Lombardy, William James"]
[Result "1-0"]
[WhiteElo "2450"]
[BlackElo "2470"]

1.d4 Nf6 2.c4 c5 3.Nf3 cxd4 4.Nxd4 e6 5.g3 Bb4+ 6.Bd2 Bxd2+ 7.Nxd2 d5 8.Bg2 e5
9.N4b3 d4 10.O-O O-O 11.c5 Qc7 12.Nc4 Na6 13.Rc1 Nb4 14.Qd2 Nc6 15.e3 dxe3
16.Qxe3 Be6 17.Bxc6 Qxc6 18.Nxe5 Qa4 19.Nd4 Qxa2 20.b3 Qa5 21.Nxe6 fxe6 22.Nc4 Qb4
23.Qxe6+ Kh8 24.Nd6 h6 25.Rfe1 Rae8 26.Nxe8 Rxe8 27.Qxe8+ Nxe8 28.Rxe8+ Kh7
29.Re3 a5 30.c6 Qa3 31.Rcc3 bxc6 32.Rxc6 a4 33.bxa4 Qxa4 34.Rc1 Qd7 35.h4 Qb7
36.Rce1 Qd7 37.Re7 Qd2 38.Rb1 Kg6 39.Rb6+ Kh5 40.Re5+ g5 41.hxg5 hxg5 42.Rbb5 Qc1+
43.Kg2 Qc6+ 44.Rbd5 Kh6 45.Rxg5 Qc4 46.Rge5 Qc6 47.g4 Kg6 48.f4 Kf7 49.Kg3 Qa4
50.Kh4 Qc6 51.Rf5+ Kg7 52.Rg5+ Kh7 53.Rge5 Qf6+ 54.Kg3 Qc6 55.Re7+ Kg6 56.Rde5  1-0

[Event "New York op"]
[Site "New York"]
[Date "1987.??.??"]
[Round "?"]
[White "Dzindzichashvili, Roman"]
[Black "Ivkov, Borislav"]
[Result "1/2-1/2"]
[WhiteElo "2450"]
[BlackElo "2480"]

1.d4 e6 2.e4 d5 3.Nc3 Bb4 4.e5 Ne7 5.Bd2 b6 6.Nf3 Qd7 7.Nb1 Bxd2+ 8.Nbxd2 Ba6
9.Bxa6 Nxa6 10.O-O c5 11.c3 O-O 12.Qe2 Nb8 13.Nb3 cxd4 14.Nbxd4 Nbc6 15.Rfe1 Nxd4
16.Nxd4 Nc6 17.Rad1 Nxd4 18.Rxd4 b5 19.Rh4 Rac8 20.Qd3 h6 21.Qg3 Kh7 22.Rg4 f5
23.exf6 Rxf6 24.Qd3+ Kg8 25.Rd4 a6 26.f3 Rc4 27.Qe3 Qc6 28.a3 a5 29.h3 Qc7
30.Qf2 Rg6 31.Rg4 Rf6 32.Rd4 Rg6 33.Re3 Rf6 34.Qd2 Qb6 35.Kh1 Qc7 36.Qd3 Rxd4
37.Qxd4 Qc4 38.Kg1 Qxd4 39.cxd4 Rf4 40.Rd3 Rf8 41.Rb3 Rf4 42.Rxb5 Rxd4 43.Rxa5 Rd1+
44.Kh2 Kf7 45.Kg3 d4 46.b4 Rf1 47.Ra7+ Ke8 48.Ra8+ Kd7  1/2-1/2

[Event "New York op"]
[Site "New York"]
[Date "1987.??.??"]
[Round "?"]
[White "Dzindzichashvili, Roman"]
[Black "Fernandez Garcia, Jose L"]
[Result "1-0"]
[WhiteElo "2450"]
[BlackElo "2450"]

1.c4 Nf6 2.Nc3 e5 3.Nf3 Nc6 4.e3 Be7 5.Be2 O-O 6.O-O d5 7.cxd5 Nxd5 8.d3 Be6
9.a3 Qd7 10.Bd2 Rfd8 11.b4 a6 12.Ne4 f6 13.Qc2 Qe8 14.Rfd1 Kh8 15.Be1 f5
16.Nc5 Bxc5 17.bxc5 f4 18.e4 Nf6 19.h3 Qg6 20.Kh2 Qh6 21.Bc3 Nd7 22.d4 exd4
23.Bxd4 Nxd4 24.Rxd4 Re8 25.Rad1 Nb8 26.Rd8 Nc6 27.Rxa8 Rxa8 28.Qb2 Rb8 29.Qc3 Qf6
30.e5 Qe7 31.Qd2 Rf8 32.Qc3 h6 33.Rb1 Bc8 34.Bd3 Rd8 35.Re1 Rd5 36.Bb1 Qxc5
37.Qb2 Nd4 38.Nxd4 Rxd4 39.e6  1-0

[Event "US op"]
[Site "Boston"]
[Date "1988.??.??"]
[Round "?"]
[White "Dzindzichashvili, Roman"]
[Black "Shirazi, Kamran G"]
[Result "1-0"]
[WhiteElo "2530"]
[BlackElo "2455"]

1.d4 Nf6 2.c4 d6 3.Nc3 Bf5 4.Nf3 g6 5.Nh4 Bg4 6.h3 Bd7 7.e4 e5 8.Nf3 exd4
9.Nxd4 Bg7 10.Bd3 O-O 11.O-O Nc6 12.Nxc6 bxc6 13.Bg5 h6 14.Be3 Kh7 15.Qd2 Be6
16.Rad1 Nd7 17.f4 Nc5 18.f5 Nxd3 19.Qxd3 Bd7 20.Bd4 Bxd4+ 21.Qxd4 Qg5 22.c5 gxf5
23.cxd6 cxd6 24.Qxd6 Rg8 25.Qd2 Be6 26.Qf2 Kh8 27.Rd2 fxe4 28.Nxe4 Qe5 29.Nf6 Rg6
30.Qxa7 Rc8 31.Ng4 Qg7 32.Ne3 Rg8 33.Rff2 Qe5 34.Qd4 Qxd4 35.Rxd4 Bxa2 36.Nf5 Bd5
37.Rxd5 cxd5 38.Ne7 Rb8 39.Nxg6+ fxg6 40.Kf1 Kg7 41.Ke1 h5 42.Kd1 Rb3 43.Kc2 Rg3
44.b4 d4 45.Kc1 Rg5 46.Kc2 Rg3 47.Kc1 Rg5 48.Rb2 Kf6 49.b5 Rc5+ 50.Kd2 Ke5
51.b6 Rc8 52.b7 Rb8 53.Kd3 h4 54.Rb5+ Kf4 55.Kxd4 Kg3 56.Rb2 g5 57.Kc5 g4  1-0

[Event "US op"]
[Site "Boston"]
[Date "1988.??.??"]
[Round "?"]
[White "Dzindzichashvili, Roman"]
[Black "Glueck, David"]
[Result "1-0"]
[WhiteElo "2530"]
[BlackElo "2375"]

1.d4 Nf6 2.c4 e6 3.Nc3 d5 4.cxd5 exd5 5.Bg5 Be7 6.Qc2 c6 7.e3 Nbd7 8.Bd3 O-O
9.Nf3 Re8 10.O-O Nf8 11.Rae1 Ne4 12.Bxe7 Qxe7 13.Nd2 Nxd2 14.Qxd2 Be6 15.Rb1 a5
16.a3 Nd7 17.Qc2 h6 18.Rfc1 Rec8 19.Na4 Qd8 20.Qd1 Qf6 21.Qc2 g6 22.b4 axb4
23.axb4 b5 24.Nc5 Nxc5 25.Qxc5 Ra2 26.Rc2 Ra3 27.Rd1 Rxd3 28.Rxd3 Bf5 29.Ra3 Bxc2
30.Qxc2 Qe7 31.Qc3 h5 32.Ra5 Qe6 33.h3 h4 34.Ra7 Kg7 35.Qc5 Kf6 36.Qb6 g5
37.Qb7 Kg7 38.Ra6 Kh7 39.e4 Kg7 40.e5 Kg6 41.Ra3 Kg7 42.Rf3 Kg8 43.Rf6 Qe8
44.e6 fxe6 45.Rh6  1-0

[Event "New York op"]
[Site "New York"]
[Date "1988.??.??"]
[Round "?"]
[White "Dzindzichashvili, Roman"]
[Black "Foisor, Ovidiu"]
[Result "1/2-1/2"]
[WhiteElo "2530"]
[BlackElo "2495"]

1.d4 Nf6 2.Nf3 e6 3.g3 b5 4.Bg2 Bb7 5.O-O c5 6.c3 Na6 7.Bg5 Be7 8.Nbd2 O-O
9.Re1 h6 10.Bxf6 Bxf6 11.e4 cxd4 12.cxd4 Qb6 13.Nb3 Rfc8 14.Qd2 b4 15.Qd3 d5
16.e5 Be7 17.h4 Nc7 18.Rec1 Nb5 19.Bf1 a6 20.Be2 Rxc1+ 21.Rxc1 Na7 22.Bd1 Qb5
23.Qxb5 Nxb5 24.Be2 Bd8 25.Nc5 Bc8 26.Rc2 Nc7 27.Ne1 Kf8 28.f4 Ke8 29.Kf2 Rb8
30.Ke3 a5 31.Rc1 Na8 32.Ba6 Bxa6 33.Nxa6 Rb6 34.Nc5 Rc6 35.Ned3 Nb6 36.b3 Nd7
37.Nb7 Rxc1 38.Nd6+ Ke7 39.Nxc1 Bc7 40.Nb7 Nb8 41.Nd3 Nc6 42.Nbc5 Bb6 43.h5 g6
44.hxg6 fxg6 45.Nc1 g5 46.Ne2 gxf4+ 47.gxf4 h5 48.Nb7 Kf7 49.Nd6+ Kg6 50.Nc8 Bd8
51.Kf3 Ne7 52.Nxe7+ Bxe7 53.Ng3 Bh4 54.f5+ exf5 55.Ne2 Bg5 56.Nf4+ Bxf4 57.Kxf4 h4
58.Kf3 Kg5 59.Kf2 f4 60.Kf3 h3 61.Kf2 Kf5  1/2-1/2

[Event "New York op"]
[Site "New York"]
[Date "1988.??.??"]
[Round "?"]
[White "Abramovic, Bosko"]
[Black "Dzindzichashvili, Roman"]
[Result "1-0"]
[WhiteElo "2460"]
[BlackElo "2530"]

1.e4 c5 2.Nc3 Nc6 3.g3 g6 4.Bg2 Bg7 5.d3 Rb8 6.f4 d6 7.Nf3 b5 8.O-O b4 9.Ne2 f5
10.a3 a5 11.axb4 axb4 12.exf5 gxf5 13.d4 Qb6 14.dxc5 Qxc5+ 15.Kh1 Nf6 16.Qd3 Be6
17.Be3 Bc4 18.Bxc5 Bxd3 19.cxd3 dxc5 20.Nh4 Nd8 21.Nxf5 Bf8 22.Nc1 e6 23.Ne3 Bg7
24.Nb3 Nd7 25.Nc4 O-O 26.Rfe1 Nb6 27.Re2 Nxc4 28.dxc4 Rc8 29.Ra6 Rf6 30.Ra5 Bf8
31.Ra6 Rc7 32.Bh3 Rd7 33.Rd2 Rff7 34.Rxe6 Rxd2 35.Nxd2 Rd7 36.Re2 Rd4 37.Bg2 Bg7
38.Bd5+ Kf8 39.Kg2 Rd3 40.Ne4  1-0

[Event "New York op"]
[Site "New York"]
[Date "1988.??.??"]
[Round "?"]
[White "Garcia Gonzales, Guillermo"]
[Black "Dzindzichashvili, Roman"]
[Result "1/2-1/2"]
[WhiteElo "2485"]
[BlackElo "2530"]

1.d4 Nf6 2.c4 c5 3.d5 g6 4.Nc3 d6 5.e4 Bg7 6.Nf3 O-O 7.Be2 e6 8.O-O Re8 9.Nd2 Na6
10.dxe6 Bxe6 11.Nb3 Bd7 12.f3 Re6 13.Bg5 Nc7 14.Qd2 Qe8 15.Rad1 Ba4 16.Rfe1 Bxb3
17.axb3 Nd7 18.Bf1 Qf8 19.Ne2 Be5 20.g3 Bf6 21.Be3 Ne5 22.Bg2 Rd8 23.Bh6 Bg7
24.Bg5 Bf6 25.Bh6  1/2-1/2

[Event "New York op"]
[Site "New York"]
[Date "1988.??.??"]
[Round "?"]
[White "Dzindzichashvili, Roman"]
[Black "Lobron, Eric"]
[Result "0-1"]
[WhiteElo "2530"]
[BlackElo "2490"]

1.d4 Nf6 2.c4 e6 3.Nf3 c5 4.g3 cxd4 5.Nxd4 d5 6.Bg2 e5 7.Nf3 d4 8.O-O Nc6
9.e3 Bc5 10.exd4 exd4 11.Nbd2 O-O 12.Nb3 Qb6 13.Bg5 Ne4 14.Re1 Nxg5 15.Nxg5 h6
16.Nxf7 Rxf7 17.Bd5 Bf8 18.Qh5 Qc7 19.a3 Qd7 20.Rad1 Qf5 21.Qxf5 Bxf5 22.Nxd4 Nxd4
23.Rxd4 g5 24.c5 Rc8 25.b4 Rc7 26.h4 Be7 27.hxg5 hxg5 28.Re3 Kf8 29.Bxf7 Kxf7
30.Rd5 Be6 31.Rde5 Bc4 32.Rf5+ Kg6 33.g4 Bf6 34.Kg2 Rd7 35.Kg3 Rd4 36.c6 bxc6
37.Rc5 Bd5 38.Ra5 Rd1 39.Rxa7 Bd4 40.Rae7 Bxe3 41.Rxe3 Rg1+ 42.Kh3 Kf6 43.f3 Rb1
44.Kg2 Rb3 45.Kf2 Bc4  0-1

[Event "New York op"]
[Site "New York"]
[Date "1988.??.??"]
[Round "?"]
[White "Dzindzichashvili, Roman"]
[Black "Garcia, Gildardo"]
[Result "1-0"]
[WhiteElo "2530"]
[BlackElo "2430"]

1.e4 e5 2.Nf3 Nc6 3.d4 exd4 4.Bc4 Nf6 5.e5 d5 6.Bb5 Ne4 7.Nxd4 Bc5 8.Be3 Bd7
9.Bxc6 bxc6 10.Nd2 Qe7 11.Nxe4 dxe4 12.e6 fxe6 13.Nxc6 Bb4+ 14.Nxb4 Qxb4+
15.Qd2 Qxb2 16.O-O Qb5 17.Rfd1 a5 18.Rab1 Qa4 19.Bc5 O-O-O 20.Be7 Rde8 21.Qe2 Qc6
22.Qe3 Qa8 23.Qc5 Bc6 24.Rb3 e3 25.fxe3 Bxg2 26.Rc3 Qc6 27.Qe5 Rxe7 28.Rxc6 Bxc6
29.Qxa5 Rd7 30.Qa6+ Bb7 31.Qxe6 Rd8 32.Rxd7 Rxd7 33.Qg8+ Rd8 34.Qxh7 Bd5
35.a4 Kb7 36.Qd3 Rd6 37.Qb5+ Kc8 38.a5 Rg6+ 39.Kf1 Bg2+ 40.Kf2 Kd8 41.Qd3+  1-0

[Event "World op"]
[Site "Philadelphia"]
[Date "1988.??.??"]
[Round "?"]
[White "Dzindzichashvili, Roman"]
[Black "Delaune, Richard K"]
[Result "1-0"]
[WhiteElo "2530"]
[BlackElo "2405"]

1.d4 Nf6 2.c4 e6 3.Nc3 Bb4 4.e3 c5 5.Bd3 Nc6 6.Ne2 cxd4 7.exd4 d5 8.O-O dxc4
9.Bxc4 O-O 10.a3 Be7 11.Qd3 a6 12.Bg5 Qa5 13.Bd2 Qc7 14.Rac1 Rd8 15.Ba2 Qd6
16.Na4 Rb8 17.Bf4 e5 18.Bg3 Be6 19.Bb1 b5 20.Qe3 exd4 21.Qd2 Qd5 22.Bxb8 Nxb8
23.Nf4 Qg5 24.h4 Qxh4 25.Nxe6 Ng4 26.Qf4 Bf6 27.Nxd8 g5 28.Rc8 gxf4 29.Ne6+ Bd8
30.Rxd8+ Qxd8 31.Nxd8  1-0

[Event "American op"]
[Site "?"]
[Date "1989.??.??"]
[Round "7"]
[White "Dzindzichashvili, Roman"]
[Black "Glueck, David"]
[Result "1-0"]
[WhiteElo "2540"]
[BlackElo "2390"]

1.c4 e6 2.Nf3 Nf6 3.d4 d5 4.Nc3 Be7 5.Bg5 Nbd7 6.e3 O-O 7.Rc1 a6 8.c5 c6
9.Bd3 e5 10.dxe5 Ne8 11.Bf4 Nxc5 12.Bb1 Bg4 13.Qc2 g6 14.Nd4 Ne6 15.h3 Nxd4
16.exd4 Bf5 17.Qd2 Bxb1 18.Rxb1 f6 19.O-O fxe5 20.Bxe5 Nd6 21.Rbe1 Nc4 22.Qc2 Qa5
23.Kh2 Rf7 24.f4 Raf8 25.g3 Bb4 26.Rf3 Nxe5 27.dxe5 d4 28.a3 Bxc3 29.bxc3 Qxa3
30.e6 Rf6 31.Rd3 dxc3 32.e7 Re8 33.Rd8 Kf7 34.Qd3 Rxe7 35.Rxe7+ Qxe7 36.Rd7 Re6
37.Rxe7+ Rxe7 38.Kg2 Ke8 39.Qxc3 Kd7 40.Qd4+ Kc7 41.g4 b6 42.f5 gxf5 43.gxf5 a5
44.Kg3 c5 45.Qd5 Rd7 46.Qe5+ Kc6 47.f6 a4 48.f7 Rxf7 49.Qe6+ Kb5 50.Qxf7 Kb4
51.Qxh7 b5 52.h4 a3 53.Qb1+ Ka4 54.h5  1-0

[Event "American op"]
[Site "?"]
[Date "1989.??.??"]
[Round "8"]
[White "Browne, Walter S"]
[Black "Dzindzichashvili, Roman"]
[Result "1-0"]
[WhiteElo "2535"]
[BlackElo "2540"]

1.d4 Nf6 2.c4 c5 3.d5 d6 4.Nc3 g6 5.e4 Bg7 6.Nf3 O-O 7.Be2 e6 8.O-O Re8 9.Nd2 Na6
10.Rb1 Nc7 11.Re1 Bd7 12.b4 cxb4 13.Rxb4 b6 14.Rb3 Na6 15.Ba3 Nc5 16.Bxc5 bxc5
17.dxe6 Bxe6 18.Bf3 Rc8 19.Ra3 Nd7 20.Nb5 Ne5 21.Rxa7 Bh6 22.Be2 Qb6 23.Ra4 Rcd8
24.g3 Nc6 25.Nb1 Bg7 26.N1c3 Nd4 27.Bd3 h5 28.Nxd4 Bxd4 29.Nb5 Bg4 30.Qd2 Bg7
31.Ra3 Qc6 32.Kg2 Qc8 33.f3 Bh3+ 34.Kh1 Bd7 35.Nxd6 Qc7 36.Nxe8 Rxe8 37.Qe2 h4
38.gxh4 Qf4 39.h5 g5 40.Qe3 Qh4 41.Rg1 Bf6 42.Ra6 Be6 43.e5 Be7 44.Ra7 Kh8
45.Rxe7 Rxe7 46.Rxg5 Rd7 47.Rg3 Qxh5 48.Qf4  1-0

[Event "New York op"]
[Site "New York"]
[Date "1989.??.??"]
[Round "6"]
[White "Dzindzichashvili, Roman"]
[Black "Polugaevsky, Lev"]
[Result "0-1"]
[WhiteElo "2540"]
[BlackElo "2575"]

1.Nf3 c5 2.c4 Nc6 3.Nc3 Nf6 4.g3 d5 5.cxd5 Nxd5 6.Bg2 g6 7.Ng5 e6 8.Nge4 b6
9.d3 Bg7 10.Qa4 Bd7 11.Nxd5 exd5 12.Nd6+ Ke7 13.Nxf7 Ne5 14.Bg5+ Kxf7 15.Bxd5+ Ke8
16.Qh4 Qb8 17.O-O h6 18.Bf6 Bxf6 19.Qxf6 Rf8 20.Qg7 Bc6 21.Bxc6+ Nxc6 22.Qxg6+ Kd7
23.Qg7+ Ne7 24.d4 Rg8 25.Qh7 cxd4 26.Rad1 Qe5 27.e3 Rh8 28.Qf7 Raf8 29.Qc4 Nc6
30.exd4 Qh5 31.f4 Re8 32.d5 Na5 33.Qb5+ Kc8 34.Rd2 Kb8 35.a4 Nb7 36.d6 Qxb5
37.axb5 Rd8 38.d7 Rh7 39.Rfd1 Nc5 40.Kg2 Rdxd7 41.b4 Rxd2+ 42.Rxd2 Ne4 43.Rd5 Kc7
44.Kf3 Re7 45.g4 Nc3 46.Rh5 Re6 47.h4 Kd6 48.g5 hxg5 49.hxg5 Nxb5 50.Rh8 Nd4+
51.Kg4 Kd5 52.Ra8 Re1 53.Rxa7 Rg1+ 54.Kh5 Ke4 55.Rf7 Ne6 56.Re7 Kxf4 57.Rxe6 Rxg5+
58.Kh6 Rb5 59.Kg6 Rxb4 60.Kf6 b5 61.Re5 Rb1 62.Rh5 b4 63.Rh4+ Kg3 64.Rc4 b3
65.Rc3+ Kf4 66.Rc4+ Ke3 67.Ke5 Kd3  0-1

[Event "New York op"]
[Site "New York"]
[Date "1989.??.??"]
[Round "7"]
[White "Torre, Eugenio"]
[Black "Dzindzichashvili, Roman"]
[Result "1/2-1/2"]
[WhiteElo "2565"]
[BlackElo "2540"]

1.e4 c5 2.Nf3 d6 3.d4 cxd4 4.Nxd4 Nf6 5.Nc3 Nc6 6.Be2 e6 7.O-O Be7 8.f4 O-O
9.Kh1 Bd7 10.Nb3 a6 11.a4 Na5 12.e5 Ne8 13.Nd4 Qc7 14.Nf3 Rd8 15.Bd3 Bc6
16.Qe2 g6 17.Ne4 Bxe4 18.Qxe4 Ng7 19.Bd2 Nc6 20.Bc3 d5 21.Qe1 Qb6 22.a5 Qc5
23.Ra4 d4 24.Bd2 Nf5 25.Qe2 Ne3 26.Rc1 Nd5 27.Be4 Rd7 28.Ne1 Qb5 29.Bd3 Qc5
30.Rc4 Qa7 31.Be4 Ne3 32.Bxc6 bxc6 33.Bxe3 dxe3 34.Nd3 Rfd8 35.Re1 Rd5 36.b4 c5
37.Qxe3 Rd4 38.Rxd4 cxd4 39.Qc1 Rc8 40.Qb2 Qd7 41.Ra1 Qb5 42.h3 Rc3 43.Ra3 Rc4
44.Qb1 Kg7 45.Rb3 h5 46.Rb2 Qc6 47.Qd1 Rc3 48.Kh2 Rc4 49.Qe2  1/2-1/2

[Event "Philadelphia op2"]
[Site "Philadelphia"]
[Date "1990.??.??"]
[Round "?"]
[White "Shapiro, Daniel E"]
[Black "Dzindzichashvili, Roman"]
[Result "0-1"]
[WhiteElo "2315"]
[BlackElo "2545"]

1.d4 g6 2.c4 Bg7 3.Nc3 c5 4.d5 Bxc3+ 5.bxc3 f5 6.h3 Qa5 7.Qd3 d6 8.g4 Nf6
9.Bg2 Nbd7 10.f4 Nb6 11.Nf3 Ne4 12.Ng5 Nxg5 13.fxg5 fxg4 14.hxg4 Bxg4 15.O-O O-O-O
16.Bh3 Bxh3 17.Qxh3+ Kb8 18.Rf7 Qa4 19.Rxe7 Qxc4 20.e4 Qe2 21.Bf4 Nxd5 22.Rxb7+ Kxb7
23.exd5 Ka8 24.c4 Rhf8 25.Qg3 Qe4  0-1

[Event "USA op"]
[Site "USA"]
[Date "1990.??.??"]
[Round "?"]
[White "Dzindzichashvili, Roman"]
[Black "Edelman, Daniel"]
[Result "1/2-1/2"]
[WhiteElo "2545"]
[BlackElo "2360"]

1.d4 Nf6 2.c4 g6 3.Nc3 Bg7 4.e4 d6 5.Nf3 O-O 6.h3 e5 7.d5 a5 8.Be3 Na6 9.Nd2 Kh8
10.Be2 Ng8 11.Nb3 b6 12.h4 Bh6 13.Bxh6 Nxh6 14.h5 g5 15.g4 Bd7 16.Nd2 Nc5
17.Nf1 Qe7 18.Ne3 Rfb8 19.f3 f6 20.Kf2 Qe8 21.b3 Ra7 22.Qc2 Rba8 23.Qb2 Ng8
24.a3 a4 25.b4 Nb3 26.Rab1 Ne7 27.Rhd1 Rb7 28.Nb5 Nc8 29.Nc3 Rab8 30.Na2 Kg8
31.Bf1 Kf7 32.Nc1 Nd4 33.Ne2 Nb3 34.Kg2 Ne7 35.Nc1 Nd4 36.Rxd4 exd4 37.Qxd4 c5
38.Qd3 Ng8 39.b5 Kg7 40.Qc2 Nh6 41.Nd3 Nf7 42.Qxa4 Ra8 43.Qb3 Rba7 44.Ra1 Ne5
45.Nf2 Ra4 46.Ned1 Nf7 47.Nb2 R4a5 48.a4 Qe5 49.Rd1 R5a7 50.Bd3 Qe8 51.Bc2 Ne5
52.Nh1 Qc8 53.Ng3 Qe8 54.Ra1 Ra5 55.Nd1 Nf7 56.Ne3 Qe5 57.Qa3 Nh6 58.Re1 Re8
59.Re2 Qd4 60.Qc1 Raa8 61.Qe1 Kg8 62.Nh1 Nf7 63.Nf2 Ne5 64.Bb3 Nd3 65.Nxd3 Qxd3
66.Qd1 Qc3 67.Qc2 Qe5 68.Qb2 h6 69.Nd1 f5 70.gxf5 Bxf5 71.Qxe5 Rxe5 72.Nf2 Re7
73.Kg3 Bd7 74.Nd3 Kg7 75.Ra2 Kf6 76.Bd1 Be8 77.e5+ dxe5 78.a5 Bxh5 79.a6 e4
80.Nxc5 bxc5 81.b6 Bxf3 82.b7 Rxb7 83.axb7 Rb8 84.Ra6+ Ke5 85.Bxf3 exf3 86.Re6+ Kd4
87.Re7 g4 88.Kf2 Rf8 89.Rg7 Kxc4 90.d6 Kd5 91.d7 Kd6 92.Rf7 Rd8 93.Kg3 h5
94.Rh7 Kc7 95.Rxh5 Kxb7 96.Rxc5 Rxd7 97.Kxg4 Rf7 98.Rc1  1/2-1/2

[Event "USA op"]
[Site "USA"]
[Date "1990.??.??"]
[Round "?"]
[White "Bonin, Jay R"]
[Black "Dzindzichashvili, Roman"]
[Result "1-0"]
[WhiteElo "2385"]
[BlackElo "2545"]

1.d4 Nf6 2.c4 c5 3.d5 g6 4.Nc3 Bg7 5.e4 d6 6.h3 O-O 7.Bd3 e6 8.Nf3 Na6 9.O-O Nc7
10.Bg5 h6 11.Be3 Re8 12.Qd2 exd5 13.exd5 Kh7 14.a4 Na6 15.Rae1 Nb4 16.Bb1 Bf5
17.Bxf5 gxf5 18.Nh4 Qd7 19.Qd1 Ne4 20.Bf4 Be5 21.Bxe5 Rxe5 22.f4 Re7 23.Nxe4 Rxe4
24.Qh5 Rxe1 25.Rxe1 Re8 26.Rf1 Qe7 27.Nxf5 Qf6 28.Nxd6 Re3 29.Qxf7+ Qxf7
30.Nxf7 Re2 31.Rd1 Kg6 32.Ne5+ Kf5 33.d6 Kxf4 34.Nd3+ Kg3 35.Nxb4 Rxg2+ 36.Kf1  1-0